Premiers ministres de la Vème république par leur prénom - Statistiques

Statistiques générales
  • Ce quiz a été pris 193 fois
    32 depuis la dernière actualisation
  • Le résultat moyen est 22 sur 29
Statistiques - réponses
Dates de mandat Président Prénom Nom % Correct
2024-2024 Macron Gabriel Attal
92%
2022-2024 Macron Elizabeth Borne
92%
1997-2002 Chirac Lionel Jospin
92%
2025- Macron Sébastien Lecornu
92%
1962-1968 De Gaulle Georges Pompidou
92%
2014-2016 Hollande Manuel Valls
92%
1991-1992 Mitterrand Edith Cresson
88%
1993-1995 Mitterrand Edouard Balladur
84%
2024-2025 Macron François Bayrou
84%
2005-2007 Chirac Dominique De Villepin
84%
2007-2012 Sarkozy François Fillon
84%
2017-2020 Macron Edouard Philippe
84%
2020-2022 Macron Jean Castex
80%
1974-1976 Giscard d'Estaing Jacques Chirac
80%
1986-1988 Mitterrand Jacques Chirac
80%
1959-1962 De Gaulle Michel Debré
80%
2012-2014 Hollande Jean-Marc Ayrault
76%
2016-2017 Hollande Bernard Cazeneuve
76%
2024-2024 Macron Michel Barnier
72%
1976-1981 Giscard d'Estaing Raymond Barre
72%
1984-1986 Mitterrand Laurent Fabius
72%
1995-1997 Chirac Alain Juppé
72%
1988-1991 Mitterrand Michel Rocard
72%
2002-2005 Chirac Jean-Pierre Raffarin
64%
1992-1993 Mitterrand Pierre Bérégovoy
60%
1969-1972 Pompidou Jacques Chaban-Delmas
56%
1981-1984 Mitterrand Pierre Mauroy
48%
1972-1974 Pompidou Pierre Messmer
48%
1968-1969 De Gaulle Maurice Couve de Murville
36%
Aucun quiz correspondant
Distribution des résultats
% des personnes avec chaque résultat
Percentile par nombre de réponses
Votre historique - résultats
Vous n’avez pas pris ce quiz depuis la dernière actualisation